000 00725nam a22002177a 4500
999 _c63770
_d63770
005 20240530110658.0
008 171224s2015 ua a f b 000 0 ara d
017 _a2014/13423
_bمصر. دار الكتب
020 _a9789770529034
040 _aEG-CaGPL
_cEG-CaGPL
082 0 4 _221
_a370.153\
_bط د
100 0 _aطلعت عبدالحميد
245 1 0 _aدليل ادارة الذات بالقيم /
_cطلعت عبدالحميد .
250 _aط.1
260 _aالقاهرة :
_bمكتبة الانجلو المصرية ،
_c2015 .
300 _a714 ص. ؛
_c24 سم.
650 0 7 _2qrmak
_aالانا والذات
651 _2qrmak
942 _2ddc
_cBK